Представление документа в формате RUSMARC

ПолеНазваниеЗначение
  Тип записи a
  Библиографический уровень m
001 Контрольный номер 90bba0633a5d45619b08805b2b689f25
005 Дата корректировки 20240207194001.4
010 Индекс ISBN __
a ISBN 5-17-016780-6
b Уточнения в пер.
100 Данные общей обработки __
a Данные общей обработки 20231012d 0rusy0189## ca
101 Язык документа 0_
a Язык текста rus
102 Страна публикации __
a Страна публикации RU
181 Поле кодированных данных: вид содержания _0
a Код вида содержания (ISBD) b2
b Код характеристики содержания (ISBD) xb2e
181 Поле кодированных данных: вид содержания _0
a Код вида содержания (ISBD) i1
b Код характеристики содержания (ISBD) ##xe
182 Поле кодированных данных: тип средства _0
a Код типа средства (ISBD) n
182 Поле кодированных данных: тип средства _0
a Код типа средства (ISBD) n
200 Заглавие и сведения об ответственности 1_
a Заглавие Аквариумные рыбы. 1000 фотографий
b Общее обозначение материала Изоматериал
f Первые сведения об ответственности Мари-Поль и Кристиан Пьенуар
e Сведения, относящиеся к заглавию перевод с французского
203 Вид содержания и тип средства __
a Вид содержания Изображение
b Характеристика содержания двухмерное
203 Вид содержания и тип средства __
a Вид содержания Текст
b Характеристика содержания визуальный
c Тип средства непосредственные
210 Выходные данные 1_
a Место издания Москва
c Издательство АСТ
c Издательство Астрель
d Дата издания 2003
215 Физическое описание __
a Объем 127 с.
c Иллюстрации/тип воспроизводства цв. ил.
606 Тематические рубрики 0_
a Основная рубрика Декоративное рыбоводство. Аквариумистика
610 Ключевые слова 0_
a Ключевые слова рыбоводство; декоративное рыбоводство; аквариумное рыбоводство; аквариумистика; аквариумные рыбы; рыбы; поведение рыб; среда обитания; фотографии рыб; факты о рыбах; альбомы фотографий; фотоальбомы
686 Индексы других классификаций __
a Классификационный индекс 47.287
700 Автор _1
a Фамилия Пьенуар
b Имя (инициалы) М.-П.
g Полное личное имя Мари-Поль
701 Альтернативная интеллектуальная ответственность _1
a Фамилия Пьенуар
b Имя (инициалы) К.
g Полное личное имя Кристиан
801 Источник записи _0
a Страна RU
b Организация УОБДЮ
c Дата составления 20231012
g Правила каталогизации RCR
801 Источник записи _1
a Страна RU
b Организация УОБДЮ
c Дата составления 20231012
g Правила каталогизации RCR
852 Данные о местонахождении __
i Авторский знак П 96
j Шифр хранения 47
900 Электронные ресурсы __
a Имя электронного ресурса 587131
901 Тип документа __
t Тип документа m
905 Данные по созданию БЗ __
b Логин пользователя, который создал БЗ bva
a Дата создания БЗ 202310
909 Создатель записи __
a Создатель записи Бондаренко В.А.
910 Корректоры записи __
a Корректор записи Комахина Т.В.
919 __
a Комахина Т.В.
c Бондаренко В.А.